000 02823nam a22002653i 4500
001 BDZ0050761966
003 StDuBDS
005 20230206131213.0
007 cr||||||||||||
008 230206s2022 enk go 000|0|eng d
020 _a9781119715153 :
_c58.50
040 _aStDuBDS
100 1 _aCIOB (The Chartered Institute of Building),
_eauthor.
245 1 0 _aCode of Practice for Project Management for the Built Environment /
_cCIOB (The Chartered Institute of Building).
264 1 _bWiley,
_c2022.
300 _a1 online resource
336 _atext
_2rdacontent
337 _aunmediated
_2rdamedia
338 _avolume
_2rdacarrier
520 8 _aThe latest edition of the gold standard in construction project management references In the newly revised sixth edition of Code of Practice for Project Management for Construction and Development, the Chartered Institute of Building delivers an up-to-date and comprehensive reference to the principles and practice of project management in construction and development. This latest edition covers the new technologies, internationalisation, changing legislation, and productivity and profitability challenges faced by contractors that are driving significant change in the industry. The book demonstrates the application of systematic documentation and quality control to complex construction projects and offers specimen forms, checklists, and documentation that link key principles to practical project management. It is worldwide in scope and widely recognised as the industry standard on the subject. With fresh discussions of quality assurance, global codes and standards, time management, joint ventures, contract compliance, supply chain integration, design digitisation, and much more, the Code of Practice for Project Management for Construction and Development also includes: A thorough introduction to project inception, feasibility analysis, strategy, and the pre-construction process Comprehensive explorations of the construction stage of projects, as well as testing and commissioning, and project completion, handover, and operation Practical discussions of post-completion review A complete glossary and index of essential terms in construction project management Perfect for project management professionals in construction contracting and client organisations, Code of Practice for Project Management for Construction and Development will also earn a place in the libraries of undergraduate and postgraduate students of project management and construction-related subjects.
650 7 _aBUILT ENVIRONMENT
650 7 _aEBOOK
690 _96307
_aBuilt Environment
856 4 0 _uhttps://www.vlebooks.com/vleweb/product/openreader?id=RICS&accId=9491556&isbn=9781119715153
_zView on VLEbooks. Logins for members only from [email protected]
999 _c121360
_d121360